CONTEMPORARY ORAL & MAXILLOFACIAL SURGERY (Record no. 3521)

MARC details
000 -LEADER
fixed length control field 00361nam a2200145Ia 4500
008 - FIXED-LENGTH DATA ELEMENTS--GENERAL INFORMATION
fixed length control field 150201s2006 xx 000 0 und d
082 ## - DEWEY DECIMAL CLASSIFICATION NUMBER
Classification number 617.525
Item number C2006P
100 ## - MAIN ENTRY--PERSONAL NAME
Personal name PETERSON,LARRY
245 ## - TITLE STATEMENT
Title CONTEMPORARY ORAL & MAXILLOFACIAL SURGERY
250 ## - EDITION STATEMENT
Edition statement 4TH
260 ## - PUBLICATION, DISTRIBUTION, ETC. (IMPRINT)
Name of publisher, distributor, etc. MOSBY
Place of publication, distribution, etc. DELHI
Date of publication, distribution, etc. 2006
300 ## - PHYSICAL DESCRIPTION
Extent 1-776
650 ## - SUBJECT ADDED ENTRY--TOPICAL TERM
Topical term or geographic name as entry element ORAL SURGERY
942 ## - ADDED ENTRY ELEMENTS (KOHA)
Source of classification or shelving scheme Dewey Decimal Classification
Koha item type Books
Koha issues (borrowed), all copies 12
Holdings
Withdrawn status Lost status Source of classification or shelving scheme Damaged status Not for loan Home library Current library Date acquired Source of acquisition Cost, normal purchase price Serial Enumeration / chronology SGTU Bill Number Total Checkouts Full call number Barcode Date last seen Date last checked out Bill Date Koha item type
    Dewey Decimal Classification     SGT Dental Library SGT Dental Library 23/01/2007 U.B.S.DELHI 1295.00 1 SGTU 1013 20 617.525 C2006P FD3998 05/07/2024 05/07/2024 02/08/2012 Books
    Dewey Decimal Classification     SGT Dental Library SGT Dental Library 23/01/2007 U.B.S.DELHI 1295.00 1 SGTU 1013   617.525 C2006P FD3999 09/02/2015   02/08/2012 Books
    Dewey Decimal Classification     SGT Dental Library SGT Dental Library 23/01/2007 U.B.S.DELHI 1295.00 1 SGTU 1013 3 617.525 C2006P FD4000 28/10/2024 13/02/2024 02/08/2012 Books